[Event "IECC CL3-2002.20"]
[Site "IECC email"]
[Date "2002.06.03"]
[Round "?"]
[White "Shchepetnev, Vasiliy"]
[Black "Stanley, Bob"]
[Result "1/2-1/2"]
[WhiteElo "1900"]
[BlackElo "1865"]
[PlyCount "82"]
[EventDate "2002.??.??"]
[EventType "tourn (corr)"]
[EventRounds "4"]
[SourceTitle "Corr 2008"]
[Source "ChessBase"]
[SourceDate "2008.06.24"]
[SourceVersion "1"]
[SourceVersionDate "2008.06.24"]
[SourceQuality "1"]

1. e4 e5 2. Nf3 Nf6 3. d4 d6 4. Nc3 Nbd7 5. Bc4 exd4 6. Nxd4 Nb6 7. Bb5+ Nbd7 8. 0-0 Be7 9. Nf5 0-0 10. Bg5 c6 11. Be2 Nc5 12. Bxf6 Bxf6 13. Nxd6 Qe7 14. Nxc8 Raxc8 15. Bf3 Rcd8 16. Qe2 Bxc3 17. bxc3 Rd6 18. Rad1 Re6 19. Rd4 f5 20. Re1 Re8 21. Bh5 g6 22. Bf3 Re5 23. Qc4+ Qe6 24. Qxe6+ Nxe6 25. Ra4 a6 26. Re3 Nc5 27. Rb4 fxe4 28. Be2 Kf8 29. Rd4 Rd5 30. Bc4 Rd7 31. Rxd7 Nxd7 32. Kf1 Nc5 33. Ke2 b5 34. Bb3 a5 35. a3 Kg7 36. c4 b4 37. axb4 axb4 38. Rh3 g5 39. Rg3 Kf6 40. Rh3 Kg6 41. g4 Rd8 1/2-1/2

[Event "IECC KO email"]
[Site "IECC email"]
[Date "2002.06.01"]
[Round "?"]
[White "Stanley, Bob"]
[Black "Keber, Ernst"]
[Result "1-0"]
[WhiteElo "1898"]
[BlackElo "1516"]
[PlyCount "43"]
[EventDate "2002.??.??"]
[EventType "tourn (corr)"]
[EventRounds "6"]
[SourceTitle "Corr 2008"]
[Source "ChessBase"]
[SourceDate "2008.06.24"]
[SourceVersion "1"]
[SourceVersionDate "2008.06.24"]
[SourceQuality "1"]

1. e4 e5 2. f4 exf4 3. Nf3 g5 4. Bc4 g4 5. 0-0 gxf3 6. Qxf3 Qf6 7. e5 Qxe5 8. Bxf7+ Kxf7 9. d4 Qf5 10. Bxf4 Nf6 11. Qe2 Qe6 12. Be5 Bg7 13. Qh5+ Kg8 14. Qh4 Nc6 15. Bxf6 Bxf6 16. Rxf6 Qe3+ 17. Kf1 Qc1+ 18. Kf2 Kg7 19. Nc3 Qd2+ 20. Kf1 Rg8 21. Ne4 Qxd4 22. c3 1-0

[Event "IECC CL3-2002.19"]
[Site "IECC email"]
[Date "2002.05.24"]
[Round "?"]
[White "Stanley, Bob"]
[Black "Gosme, Emile"]
[Result "1-0"]
[WhiteElo "1918"]
[BlackElo "1914"]
[PlyCount "91"]
[EventDate "2002.??.??"]
[EventType "tourn (corr)"]
[EventRounds "4"]
[SourceTitle "Corr 2008"]
[Source "ChessBase"]
[SourceDate "2008.06.24"]
[SourceVersion "1"]
[SourceVersionDate "2008.06.24"]
[SourceQuality "1"]

1. e4 c5 2. Nf3 Nc6 3. d4 cxd4 4. Nxd4 Nf6 5. Nc3 a6 6. Nxc6 bxc6 7. e5 Ng8 8. Bd3 g6 9. 0-0 Bg7 10. Qe2 Nh6 11. Bg5 0-0 12. Ne4 Nf5 13. Nd6 Nd4 14. Qe3 Ne6 15. Bh4 f6 16. Nxc8 Qxc8 17. Bc4 Re8 18. Bg3 Qb7 19. Rad1 Kh8 20. Rfe1 f5 21. b3 Rab8 22. Qd2 Nf8 23. c3 h6 24. h4 Red8 25. Qd3 a5 26. h5 e6 27. f4 a4 28. Re2 axb3 29. axb3 Ra8 30. Bh4 Rdb8 31. Be7 gxh5 32. Bxf8 Bxf8 33. Qxd7 Ra1 34. Red2 Rxd1+ 35. Rxd1 Qb6+ 36. Kf1 Qe3 37. Qd4 Bc5 38. Qxe3 Bxe3 39. g3 Rg8 40. Bxe6 Rxg3 41. Rd8+ Kh7 42. Bxf5+ Kg7 43. e6 Bc5 44. Rd7+ Kf8 45. Rf7+ Ke8 46. Be4 1-0

[Event "IECC KO email"]
[Site "IECC email"]
[Date "2002.04.07"]
[Round "?"]
[White "Stanley, Bob"]
[Black "Cehajic, Mustafa"]
[Result "1-0"]
[WhiteElo "1902"]
[BlackElo "1442"]
[PlyCount "110"]
[EventDate "2002.??.??"]
[EventType "tourn (corr)"]
[EventRounds "6"]
[SourceTitle "Corr 2008"]
[Source "ChessBase"]
[SourceDate "2008.06.24"]
[SourceVersion "1"]
[SourceVersionDate "2008.06.24"]
[SourceQuality "1"]

1. e4 e5 2. f4 exf4 3. Nf3 g5 4. h4 g4 5. Ne5 Qe7 6. d4 d6 7. Nxg4 Qxe4+ 8. Qe2 Qe7 9. Kd1 h5 10. Nf2 Bh6 11. Qf3 Nf6 12. Bxf4 Bxf4 13. Qxf4 Nd5 14. Qd2 Ne3+ 15. Kc1 Nxf1 16. Rxf1 Qxh4 17. Nc3 Nc6 18. Nfe4 f5 19. Nd5 Kd8 20. Ng5 Rf8 21. Nh7 Re8 22. Qh6 Ne7 23. Ndf6 Ng8 24. Qg7 Nxf6 25. Nxf6 Qxd4 26. Nxe8 Qe3+ 27. Kd1 Qxe8 28. Kd2 Qe5 29. Qg5+ Qe7 30. Qxh5 Qf6 31. Rae1 Be6 32. Qh7 b6 33. Kc1 Kc8 34. g4 Kb7 35. Qh1+ d5 36. gxf5 Bf7 37. Qh3 Rg8 38. Qe3 Re8 39. Qf4 Rg8 40. Qe5 Qg5+ 41. Qe3 Qh4 42. f6 Qc4 43. b3 Qc6 44. Kb2 Rh8 45. Qd3 Re8 46. Re7 Bg6 47. Qc3 Qxc3+ 48. Kxc3 Rxe7 49. fxe7 Kc8 50. Kd4 Kd7 51. Kxd5 c6+ 52. Ke5 Kxe7 53. Rf6 Be8 54. Rh6 c5 55. Rh7+ Bf7 1-0

[Event "IECC M email"]
[Site "IECC email"]
[Date "2002.03.28"]
[Round "?"]
[White "Stanley, Bob"]
[Black "Hoefer, Hans Peter"]
[Result "0-1"]
[WhiteElo "1913"]
[BlackElo "1972"]
[PlyCount "58"]
[EventDate "2002.??.??"]
[EventType "tourn (corr)"]
[EventRounds "6"]
[SourceTitle "Corr 2008"]
[Source "ChessBase"]
[SourceDate "2008.06.24"]
[SourceVersion "1"]
[SourceVersionDate "2008.06.24"]
[SourceQuality "1"]

1. e4 d6 2. d4 Nf6 3. Nc3 g6 4. f4 Bg7 5. Nf3 0-0 6. Be3 Nc6 7. Qd2 d5 8. e5 Ng4 9. 0-0-0 Nxe3 10. Qxe3 a6 11. b4 Nxb4 12. g3 b5 13. Bg2 Rb8 14. Ne1 a5 15. a3 Na6 16. Nxd5 c6 17. Nc3 b4 18. Ne4 a4 19. h3 Qb6 20. Kd2 bxa3 21. Qc3 Rd8 22. Ke3 a2 23. Nd3 f6 24. Ra1 Be6 25. Rhd1 Bd5 26. Nec5 fxe5 27. Nxe5 Bxg2 28. Qc4+ Bd5 29. Qxa6 Qb2 0-1

[Event "IECC CL3-2002.08"]
[Site "IECC email"]
[Date "2002.02.21"]
[Round "?"]
[White "Stanley, Bob"]
[Black "Zamora, Sammy"]
[Result "1-0"]
[WhiteElo "1903"]
[BlackElo "1850"]
[PlyCount "57"]
[EventDate "2002.??.??"]
[EventType "tourn (corr)"]
[EventRounds "4"]
[SourceTitle "Corr 2008"]
[Source "ChessBase"]
[SourceDate "2008.06.24"]
[SourceVersion "1"]
[SourceVersionDate "2008.06.24"]
[SourceQuality "1"]

1. e4 e5 2. f4 exf4 3. Nf3 d5 4. exd5 Nf6 5. Bc4 Nxd5 6. 0-0 Be7 7. d4 Be6 8. Qe2 0-0 9. Nc3 c6 10. Nxd5 cxd5 11. Bd3 Nc6 12. Bxf4 Nb4 13. Bb5 a6 14. Ba4 Bf5 15. Rae1 Bf6 16. a3 Nc6 17. c3 Re8 18. Be5 Qd7 19. Qd2 Bd8 20. Bg3 Rxe1 21. Rxe1 f6 22. c4 Bb6 23. c5 Bd8 24. Bd6 Be4 25. Qf4 Bg6 26. Nh4 Bf7 27. Bc2 b5 28. Nf5 Bg6 29. Bb3 1-0

[Event "IECC M email"]
[Site "IECC email"]
[Date "2002.02.21"]
[Round "?"]
[White "Zamora, Sammy"]
[Black "Stanley, Bob"]
[Result "1/2-1/2"]
[WhiteElo "1848"]
[BlackElo "1905"]
[PlyCount "75"]
[EventDate "2002.??.??"]
[EventType "tourn (corr)"]
[EventRounds "6"]
[SourceTitle "Corr 2008"]
[Source "ChessBase"]
[SourceDate "2008.06.24"]
[SourceVersion "1"]
[SourceVersionDate "2008.06.24"]
[SourceQuality "1"]

1. e4 c5 2. Nf3 Nc6 3. d4 cxd4 4. Nxd4 Nf6 5. Nc3 e5 6. Ndb5 d6 7. Bg5 a6 8. Na3 b5 9. Nd5 Be7 10. Bxf6 Bxf6 11. c3 0-0 12. Nc2 Bg5 13. a4 bxa4 14. Rxa4 a5 15. Bc4 Rb8 16. b3 Kh8 17. 0-0 f5 18. exf5 Bxf5 19. Nce3 Bg6 20. Be2 Bf7 21. Nc4 e4 22. f4 exf3 23. Bxf3 Ne5 24. Nxe5 dxe5 25. Re1 Bxd5 26. Bxd5 Qc7 27. Qd3 Qc5+ 28. Kh1 Rf2 29. Rc4 Qe7 30. Qh3 Rbf8 31. Rc8 Bd2 32. Be4 g6 33. Rd1 Rxc8 34. Qxc8+ Kg7 35. Qc4 Qf7 36. Bd5 Qf4 37. Qxf4 exf4 38. c4 1/2-1/2

[Event "IECC KO email"]
[Site "IECC email"]
[Date "2002.02.12"]
[Round "?"]
[White "Barnes, Tim E"]
[Black "Stanley, Bob"]
[Result "0-1"]
[WhiteElo "876"]
[BlackElo "1865"]
[PlyCount "26"]
[EventDate "2002.??.??"]
[EventType "tourn (corr)"]
[EventRounds "6"]
[SourceTitle "Corr 2008"]
[Source "ChessBase"]
[SourceDate "2008.06.24"]
[SourceVersion "1"]
[SourceVersionDate "2008.06.24"]
[SourceQuality "1"]

1. e4 c5 2. Nf3 Nc6 3. Bb5 d6 4. Nc3 e5 5. d3 Nf6 6. Bg5 Be7 7. Qd2 0-0 8. 0-0-0 Nd4 9. Rdg1 Bg4 10. Qe3 a6 11. Bc4 b5 12. Bd5 Nxd5 13. Bxe7 Nxe7 0-1

[Event "IECC KO email"]
[Site "IECC email"]
[Date "2002.02.12"]
[Round "?"]
[White "Stanley, Bob"]
[Black "Barnes, Tim E"]
[Result "1-0"]
[WhiteElo "1848"]
[BlackElo "876"]
[PlyCount "31"]
[EventDate "2002.??.??"]
[EventType "tourn (corr)"]
[EventRounds "6"]
[SourceTitle "Corr 2008"]
[Source "ChessBase"]
[SourceDate "2008.06.24"]
[SourceVersion "1"]
[SourceVersionDate "2008.06.24"]
[SourceQuality "1"]

1. e4 e5 2. f4 d5 3. exd5 e4 4. d3 Nf6 5. dxe4 Nxe4 6. Nf3 Bg4 7. Bd3 Qe7 8. Qe2 Nf6 9. Qxe7+ Bxe7 10. Ne5 Bc5 11. Nd2 Nbd7 12. h3 Bh5 13. g4 Nxe5 14. fxe5 Nxd5 15. gxh5 0-0-0 16. Nb3 1-0

[Event "IECC CL3-2002.05"]
[Site "IECC email"]
[Date "2002.02.02"]
[Round "?"]
[White "Allen, Richard G"]
[Black "Stanley, Bob"]
[Result "1/2-1/2"]
[WhiteElo "1857"]
[BlackElo "1853"]
[PlyCount "90"]
[EventDate "2002.??.??"]
[EventType "tourn (corr)"]
[EventRounds "4"]
[SourceTitle "Corr 2008"]
[Source "ChessBase"]
[SourceDate "2008.06.24"]
[SourceVersion "1"]
[SourceVersionDate "2008.06.24"]
[SourceQuality "1"]

1. d4 Nf6 2. Nf3 e6 3. c4 c5 4. d5 b5 5. dxe6 fxe6 6. cxb5 Be7 7. g3 d5 8. Bg2 a6 9. bxa6 0-0 10. 0-0 Nbd7 11. Nc3 Rxa6 12. Bf4 Bb7 13. a4 Qb6 14. Nb5 Bc6 15. Bh3 Bxb5 16. axb5 Rxa1 17. Qxa1 Re8 18. Qa6 Bd8 19. Rd1 h6 20. Ne5 Nb8 21. Qxb6 Bxb6 22. Ra1 Nbd7 23. Nxd7 Nxd7 24. Ra6 c4 25. Bd6 g5 26. Kf1 Kf7 27. e3 h5 28. g4 h4 29. Ke1 Rc8 30. Kd2 Bc5 31. Bxc5 Nxc5 32. Rc6 Rxc6 33. bxc6 Ke7 34. f4 Kd6 35. Ke2 Kxc6 36. fxg5 Kd7 37. g6 Ke7 38. g5 Kf8 39. Kf3 Kg7 40. Kg4 Nd3 41. Kf3 e5 42. Be6 Nxb2 43. Bxd5 c3 44. Be4 Nc4 45. Ke2 Nd6 1/2-1/2

[Event "IECC CL3-2002.05"]
[Site "IECC email"]
[Date "2002.02.02"]
[Round "?"]
[White "Stanley, Bob"]
[Black "Endean, Andrew"]
[Result "1/2-1/2"]
[WhiteElo "1876"]
[BlackElo "1977"]
[PlyCount "67"]
[EventDate "2002.??.??"]
[EventType "tourn (corr)"]
[EventRounds "4"]
[SourceTitle "Corr 2008"]
[Source "ChessBase"]
[SourceDate "2008.06.24"]
[SourceVersion "1"]
[SourceVersionDate "2008.06.24"]
[SourceQuality "1"]

1. e4 e5 2. f4 exf4 3. Nf3 d5 4. exd5 Nf6 5. Bc4 Nxd5 6. 0-0 Be7 7. d4 Be6 8. Qe2 0-0 9. Nc3 Nxc3 10. bxc3 Bxc4 11. Qxc4 Bd6 12. Qb5 b6 13. Ng5 Qe7 14. Qf5 g6 15. Qg4 h5 16. Qf3 Nd7 17. Ne4 Nf6 18. Nxd6 cxd6 19. Bxf4 Ne4 20. Rfe1 f5 21. a4 Rac8 22. a5 b5 23. a6 Qd7 24. Ra3 Rfe8 25. Rb1 Qc6 26. Rbb3 b4 27. Rxb4 Nxc3 28. Qxc6 Rxc6 29. Bh6 Re7 30. Rb7 Rec7 31. Kf1 Ne4 32. Ra2 Nf6 33. Rab2 Nd5 34. Bg5 1/2-1/2

[Event "IECC CL3-2001.39"]
[Site "IECC email"]
[Date "2001.12.01"]
[Round "?"]
[White "Malm, Art"]
[Black "Stanley, Bob"]
[Result "0-1"]
[WhiteElo "1790"]
[BlackElo "1874"]
[PlyCount "78"]
[EventDate "2001.??.??"]
[EventType "tourn (corr)"]
[EventRounds "4"]
[SourceTitle "Corr 2008"]
[Source "ChessBase"]
[SourceDate "2008.06.24"]
[SourceVersion "1"]
[SourceVersionDate "2008.06.24"]
[SourceQuality "1"]

1. d4 Nf6 2. c4 e6 3. Nf3 c5 4. d5 exd5 5. cxd5 d6 6. Nc3 g6 7. e4 a6 8. Qa4+ Bd7 9. Qa3 Bg7 10. Be2 0-0 11. 0-0 Re8 12. Nd2 b5 13. Nxb5 Nxe4 14. Nxe4 Rxe4 15. Bd3 Bxb5 16. Bxe4 Bxf1 17. Kxf1 Qh4 18. Qd3 Nd7 19. g3 Qxh2 20. Rb1 Bd4 21. Bg2 Ne5 22. Qe2 h5 23. b4 Ng4 24. Bf4 Bxf2 25. Qxf2 Nxf2 26. Kxf2 Re8 27. Bxd6 c4 28. Bf4 h4 29. d6 hxg3+ 30. Bxg3 Re2+ 31. Kxe2 Qxg2+ 32. Bf2 Qe4+ 33. Be3 Qxb1 34. Bf4 Qxa2+ 35. Ke3 Kf8 36. Kd4 Ke8 37. Bh6 Kd7 38. Bf8 Qe2 39. Kc5 c3 0-1

[Event "IECC M email"]
[Site "IECC email"]
[Date "2001.11.11"]
[Round "?"]
[White "Sawaski, James H"]
[Black "Stanley, Bob"]
[Result "0-1"]
[WhiteElo "1721"]
[BlackElo "1812"]
[PlyCount "56"]
[EventDate "2001.??.??"]
[EventType "tourn (corr)"]
[EventRounds "6"]
[SourceTitle "Corr 2008"]
[Source "ChessBase"]
[SourceDate "2008.06.24"]
[SourceVersion "1"]
[SourceVersionDate "2008.06.24"]
[SourceQuality "1"]

1. e4 e6 2. d3 d5 3. Nd2 Nc6 4. g3 Nf6 5. Bg2 Bc5 6. Ngf3 dxe4 7. dxe4 0-0 8. 0-0 e5 9. h3 Qe7 10. Qe2 Rd8 11. c3 a5 12. Re1 b6 13. a4 Ba6 14. Nc4 Qe6 15. Bf1 Rd7 16. b3 Rad8 17. Bg5 h6 18. Bxf6 Qxf6 19. Kg2 Qe6 20. Qc2 Bb7 21. Rad1 Bc8 22. Rxd7 Bxd7 23. Kg1 Qf6 24. Nh4 Be6 25. Ne3 Ne7 26. Nhf5 Nxf5 27. Nxf5 Bxf5 28. exf5 Qg5 0-1